| 000 | 01073nam a22002057a 4500 | ||
|---|---|---|---|
| 999 |
_c61077 _d61077 |
||
| 003 | Ge_BSU | ||
| 005 | 20231214113316.0 | ||
| 008 | 231214s2001 ge ||||| |||| 00| 0 geo d | ||
| 041 | _ageo | ||
| 080 | _a630(479.22)+502.17(479.22-751) გ-74 | ||
| 100 |
_aგოცირიძე, ლევან _920726 |
||
| 245 |
_aტყის მეურნეობის განვითარება, ნაკრძალის შექმნა და ეროვნული პარკის ჩამოყალიბება ბორჯომის ხეობაში : _b[ნარკვევი] / _cლევან გოცირიძე. |
||
| 264 |
_aთბილისი, _c 2001. |
||
| 300 |
_a160 გვ. : _bილ. ; _c24 სმ. |
||
| 504 | _aბიბლიოგრ.: გვ. 158-160. | ||
| 653 | _aსატყეო მეურნეობა | ||
| 653 | _aსაქართველოს ნაკრძალები | ||
| 653 | _aბორჯომის ეროვნული პარკი. | ||
| 942 |
_2udc _cᲬᲘᲒᲜᲘ |
||